[Event "Muenster op"]
[Site "Muenster"]
[Date "1993.??.??"]
[Round "8"]
[White "Arakhamia Grant, Ketevan"]
[Black "Kersten, Uwe"]
[Result "1-0"]
[WhiteElo "2440"]
[BlackElo "2350"]
[Annotator "ChessBase"]
[PlyCount "81"]
[EventDate "1993.10.??"]
[EventType "swiss"]
[EventRounds "9"]
[EventCountry "GER"]
[SourceTitle "EXT 1999"]
[Source "ChessBase"]
[SourceDate "1998.11.16"]
[SourceVersion "1"]
[SourceVersionDate "1998.11.16"]
[SourceQuality "1"]

1. e4 c5 2. Nf3 e6 3. d4 cxd4 4. Nxd4 Nc6 5. Nc3 a6 6. Be2 Qc7 7. O-O Nf6 8.
Be3 d6 9. f4 Be7 10. a4 O-O 11. Kh1 Rd8 12. Qe1 Nxd4 13. Bxd4 e5 14. Bg1 $5
exf4 15. a5 Re8 16. Bb6 Qb8 17. Rxf4 d5 $5 18. Qf2 Be6 19. exd5 Nxd5 20. Nxd5
Bxd5 21. Bh5 $1 g6 22. Rf1 Rf8 (22... Qe5 23. Bd4 Qxh5 24. Rxf7 Bf8 25. Qf6
Bxg2+ 26. Kg1 $18) 23. Re1 (23. Bd4 Bd6 {mit der Idee Le5}) 23... Re8 (23...
Be6 24. Bd4 Bg5 25. Rfe4 gxh5 26. Re5 h6 27. Rxg5+ hxg5 28. Qf6) (23... Bg5 24.
Rg4 Bh6 25. Bd4 Bg7 26. Bxg7 Kxg7 27. Qd4+ $16) 24. c4 Be6 25. Bd4 Bf8 (25...
Qc7 26. Rfe4 Qxa5 27. Rxe6 fxe6 28. Bg4 Bf8 29. Bxe6+ Rxe6 30. Rxe6 $14) 26.
Bxg6 fxg6 (26... hxg6 $2 27. Qh4 Bg7 28. Bxg7 Kxg7 29. Qf6+ Kg8 30. Rh4) 27.
Rfe4 Qd8 $1 28. Rxe6 Rxe6 29. Rxe6 Qxa5 30. h4 Qd8 $2 {Besser wäre 29...Df5}
31. h5 Bg7 32. hxg6 $1 Qd7 (32... Qxd4 33. Qf7+ Kh8 34. Re8+) 33. gxh7+ Kh8 34.
Bxg7+ Qxg7 35. Qf6 Qxf6 36. Rxf6 Kg7 37. Rb6 Ra7 38. Rh6 Kh8 39. g4 b5 40. cxb5
axb5 41. g5 1-0

[Event "New York op"]
[Site "New York"]
[Date "1989.??.??"]
[Round "7"]
[White "Fishbein, Alexander"]
[Black "Dorfman, Josif D"]
[Result "1-0"]
[WhiteElo "2490"]
[BlackElo "2565"]
[Annotator "ChessBase"]
[PlyCount "83"]
[EventDate "1989.03.??"]
[EventType "swiss"]
[EventRounds "9"]
[EventCountry "USA"]
[SourceTitle "CBM 012"]
[Source "ChessBase"]
[SourceDate "1989.10.01"]
[SourceVersion "1"]
[SourceVersionDate "1989.10.01"]
[SourceQuality "1"]

1. e4 c5 2. Nf3 d6 3. d4 cxd4 4. Nxd4 Nf6 5. Nc3 a6 6. Be2 e6 7. O-O Be7 8. f4
Qc7 9. a4 Nc6 10. Be3 O-O 11. Kh1 Re8 12. Bf3 {12.Qd2 -> Beliavsky,A-Kasparov,
G/Barcelona WCup/1989/0-1/61/ CBM12} Rb8 13. g4 {13.Qd2 -> Timoshenko,G-Ruban,
V/URS-YM Tbilisi/1989/1/2-1/2/42/ CBM12} Nd7 14. g5 Bf8 15. Bg2 g6 16. Rf3 {N}
(16. Qe2 b6 17. Rad1 Bb7 18. Qf2 Ba8 $10 {Silva-Mokry,K/Dubai ol/1986/}) 16...
Bg7 17. Rh3 Nb6 $5 18. Nde2 Nc4 19. Bc1 d5 $5 20. b3 (20. exd5 exd5 21. Nxd5
Qa5 $44) 20... d4 (20... N4a5 21. e5 $1 $16) 21. bxc4 dxc3 22. e5 Ne7 23. Ba3
$1 Nf5 24. Nxc3 Bd7 (24... Qxc4 25. Ne4 $16) 25. Ne4 Rbd8 26. Bd6 Qa5 27. c5 $1
Bc6 28. Qe1 Qxe1+ 29. Rxe1 Bxa4 30. Nc3 Bc6 31. Bxc6 bxc6 32. Rb1 $1 Ra8 {
>= 32...h6} 33. Rb6 $1 Rec8 34. Rb7 a5 35. Na4 Ra6 36. Rhb3 h6 37. Rd7 $1 hxg5
38. fxg5 Nd4 39. Rbb7 Nxc2 40. Rxf7 Bh8 41. Nb6 Re8 42. Nd7 1-0

[Event "Rome op"]
[Site "Rome"]
[Date "1989.??.??"]
[Round "?"]
[White "Polgar, Sofia"]
[Black "Chernin, Alexander"]
[Result "1-0"]
[WhiteElo "2345"]
[BlackElo "2580"]
[Annotator "ChessBase"]
[PlyCount "70"]
[EventDate "1989.??.??"]
[EventType "swiss"]
[EventRounds "9"]
[EventCountry "ITA"]
[SourceTitle "CBM 013"]
[Source "ChessBase"]
[SourceDate "1989.12.01"]
[SourceVersion "1"]
[SourceVersionDate "1989.12.01"]
[SourceQuality "1"]

1. e4 c5 2. Nf3 e6 3. d4 cxd4 4. Nxd4 Nc6 5. Nc3 Qc7 6. Be2 Nf6 7. O-O Be7 8.
Be3 O-O 9. f4 d6 10. Kh1 (10. Qe1 Nxd4 $1 11. Bxd4 e5 $1 12. fxe5 dxe5 13. Qg3
Bc5 $1 $10) 10... a6 (10... Nxd4 11. Qxd4 e5 12. Qd3 exf4 13. Bxf4 Bd7 14. Rad1
Bc6) (10... Bd7 11. Qe1 Nxd4 12. Bxd4 Bc6 13. Qg3 Rad8) 11. Qe1 Na5 $6 (11...
Nxd4 $5 12. Bxd4 b5 $1 (12... e5 13. fxe5 dxe5 14. Qg3 Bd6 15. Be3 Kh8 $2 {
>= 15...Ne8} 16. Rxf6 $1 gxf6 17. Nd5 Qxc2 (17... Qd8 18. Bb6 Qe8 19. Nxf6 Qe6
20. Qh4 $18) 18. Qh4 Rg8 19. Qxf6+ Rg7 20. Bh6 Bf8 21. Bxg7+ Bxg7 22. Qd8+ $18)
) 12. Qg3 $6 (12. Rd1 $1 b5 (12... Nc4 13. Bc1 $14) 13. Bf3 Bb7 14. e5 Ne8 15.
Qg3 Nc4 16. Bc1 $16 {Lalev-Kirov/1981}) 12... Nc4 13. Bc1 b5 14. a3 Qb6 $6 (
14... Bb7 $5 15. Bf3 Rac8 16. b3 Nb6) 15. Rd1 Bb7 $2 (15... e5 $1 16. Bxc4 $1 (
16. fxe5 dxe5 17. Bh6 $2 Nh5 $1 18. Bxh5 Qxh6 $19) 16... bxc4 17. fxe5 dxe5 18.
Qxe5 Re8 19. Qg3 Bd6 $44) 16. b3 Na5 17. Bf3 Rac8 {>= 17...Nc6} 18. Bb2 {
/\ 19.Nd5 exd5 20.Nf5} Rfd8 $2 (18... g6 $5 19. Nd5 $10 exd5 20. Nf5 Bd8 $1 (
20... Qd8 $2 21. Qg5 $1 $18) 21. Qg5 Rxc2 22. Bxf6 Bxf6 23. Qxf6 gxf5 24. Qg5+
$10) (18... Rfe8 $5 19. Nd5 (19. e5 Nd7 $1 (19... dxe5 20. fxe5 Nd7 $1 (20...
Bxf3 $2 21. exf6 $1 Bxf6 22. gxf3 Bxd4 23. Rxd4 Qxd4 24. Nd1 $18) 21. Nxe6 Qxe6
22. Bg4)) 19... exd5 (19... Nxd5 $1 20. Nf5 (20. Nxe6 g6 21. Bd4 Qc6 22. exd5
Qxc2 23. Ng5 Nxb3) (20. exd5 Bf6 $1 21. dxe6 fxe6) 20... g6 21. Nxe7+ Nxe7 22.
Qg5 e5 23. fxe5 dxe5 24. Qxe5 f6 $1) 20. Nf5 g6 21. Nxe7+ Rxe7 22. Bxf6 dxe4
23. Bxe7 $2 {>= 23.Bg4} exf3 24. gxf3 Qe3 $19) 19. Nd5 $1 Nxd5 (19... exd5 20.
Nf5 Bf8 21. Nxg7 Bxg7 22. Bxf6 $18) (19... Bxd5 20. exd5 $16) 20. Nxe6 $1 g6
21. Nxd8 Qxd8 22. exd5 Rxc2 23. Rab1 Bh4 24. Qh3 Bc8 25. Bg4 Bxg4 26. Qxg4 Nxb3
27. g3 $6 {>= 27.f5!} Be7 28. f5 a5 $2 {>= 28...Qd7} (28... Qc8 $1 29. Qe4 Qxf5
30. Qxf5 gxf5) 29. fxg6 hxg6 30. Qh3 $1 Rxb2 (30... Bf6 31. Bxf6 Qxf6 32. Rxb3
$18 {>< f3 is protected}) 31. Rxb2 a4 32. Rf2 Nc5 33. Rdf1 f5 34. g4 $1 Ne4 35.
Rg2 Bf6 1-0

[Event "Khanty-Mansiysk FIDE GP (Women)"]
[Site "Khanty-Mansiysk"]
[Date "2014.04.15"]
[Round "6"]
[White "Muminova, Nafisa"]
[Black "Kosintseva, Tatiana"]
[Result "1-0"]
[WhiteElo "2321"]
[BlackElo "2496"]
[Annotator "ChessBase Website"]
[PlyCount "59"]
[EventDate "2014.04.09"]
[EventType "tourn"]
[EventRounds "11"]
[EventCountry "RUS"]
[EventCategory "10"]
[SourceTitle "CBM 160"]
[Source "ChessBase"]
[SourceDate "2014.05.15"]
[SourceVersion "1"]
[SourceVersionDate "2014.05.15"]
[SourceQuality "1"]
[TimeControl "40/5400+30:1800+30"]
[WhiteClock "1:30:00"]
[BlackClock "1:30:00"]

1. e4 {[%emt 0:00:00]} c5 {[%emt 0:00:00]} 2. Nf3 {[%emt 0:00:00]} d6 {[%emt 0:
00:00]} 3. d4 {[%emt 0:00:00]} cxd4 {[%emt 0:00:00]} 4. Nxd4 {[%emt 0:00:00]}
Nf6 {[%emt 0:00:00]} 5. Nc3 {[%emt 0:00:02]} e6 {[%emt 0:00:17]} 6. Be2 {
[%emt 0:02:12]} Be7 {[%emt 0:00:38]} 7. O-O {[%emt 0:00:30]} O-O {[%emt 0:00:
20]} 8. f4 {[%emt 0:01:16]} a6 {[%emt 0:00:25]} 9. a4 {[%emt 0:00:18]} Nc6 {
[%emt 0:01:27]} 10. Be3 {[%emt 0:01:22]} Qc7 {[%emt 0:00:37]} 11. Kh1 {[%emt 0:
08:11]} Nxd4 {[%emt 0:14:00]} 12. Bxd4 {[%emt 0:00:33]} (12. Qxd4 Bd7 13. Qd3
Bc6 14. a5 Nd7 15. Bf3 Rac8 16. Rfd1 Rfe8 17. Qe2 Bf8 18. Rd2 g6 19. Qd1 b5 20.
axb6 Nxb6 21. b3 Bb7 22. Na4 Nxa4 23. Rxa4 a5 24. h3 d5 25. exd5 exd5 26. Rd3
Bc6 27. Ra1 Bb5 28. Rxd5 Rxe3 29. Rxb5 Qxf4 30. Rd5 Rce8 31. Rd8 Qg3 32. Rxe8
Rxe8 33. Bd5 Bd6 34. Qg1 Kg7 35. Rf1 f6 36. Rf3 Qh4 37. Rf1 Re2 38. Bc4 Re7 39.
Qf2 Qg5 40. Qd4 Bc7 41. h4 Qe5 {Navara,D (2715)-Bruzon Batista,L (2699)
Linares 2013 1/2-1/2}) 12... Bd7 {[%emt 0:00:18]} 13. e5 {[%emt 0:09:29]} Ne8
$146 {[%emt 0:01:11]} (13... dxe5 14. fxe5 Nd5 15. Ne4 b5 16. Bd3 g6 17. Qd2
Kg7 18. Rf3 Nb4 19. Rh3 h5 20. Nf6 Rh8 21. axb5 Bxb5 22. Bxb5 axb5 23. Nxh5+
gxh5 24. Rg3+ Kh7 25. Rf1 f5 26. Qe2 {1-0 (26) Amrein,R (2215)-Csonka,A (2035)
Budapest 1996}) 14. Bd3 {[%emt 0:01:25]} Bc6 {[%emt 0:11:56]} 15. Ne4 {[%emt 0:
07:06] An impressive strike by the lowest rated player! Kosintseva used a
topical line in the Paulsen to gain near equality, but from then on she simply
played badly. Muminova launched a strong attack on the kingside and Black's
dark-square weaknesses could not be fixed. A beautiful mating attack finished
the game off.} Bxe4 {[%emt 0:19:03]} 16. Bxe4 {[%emt 0:00:35]} g6 {[%emt 0:03:
05]} 17. Rf3 {[%emt 0:14:18]} d5 {[%emt 0:13:34]} 18. Bd3 {[%emt 0:00:27]} Bc5
{[%emt 0:05:35]} 19. Bc3 {[%emt 0:04:38]} Qe7 {[%emt 0:03:59]} 20. Qe1 {
[%emt 0:04:11]} Nc7 {[%emt 0:02:44]} 21. Qg3 {[%emt 0:07:14]} d4 {[%emt 0:05:
13]} 22. Bd2 {[%emt 0:00:08]} Nd5 {[%emt 0:00:07]} 23. f5 $1 {[%emt 0:01:16]}
exf5 {[%emt 0:00:38]} 24. Bg5 {[%emt 0:01:50]} Qc7 {[%emt 0:00:32]} 25. Rxf5 $1
{[%emt 0:01:46][%cal Gg3g8]} Ne3 {[%emt 0:05:41]} 26. Rf3 {[%emt 0:03:23]} Rae8
$2 {[%emt 0:04:34]} 27. Bf6 {[%emt 0:01:09]} Re6 {[%emt 0:05:29]} 28. Qh4 {
[%emt 0:01:17]} Rxf6 {[%emt 0:01:11]} 29. exf6 {[%emt 0:01:17]} Re8 {[%emt 0:
01:15]} 30. Bxg6 {[%emt 0:01:03]} 1-0

[Event "San Francisco"]
[Site "San Francisco"]
[Date "1995.??.??"]
[Round "10"]
[White "Xie, Jun"]
[Black "Polgar, Sofia"]
[Result "1/2-1/2"]
[WhiteElo "2515"]
[BlackElo "2500"]
[Annotator "Donev,I"]
[PlyCount "50"]
[EventDate "1995.??.??"]
[EventType "game"]
[EventCountry "ARG"]
[SourceTitle "CBM 046"]
[Source "ChessBase"]
[SourceDate "1995.06.01"]
[SourceVersion "1"]
[SourceVersionDate "1995.06.01"]
[SourceQuality "1"]

1. e4 c5 2. Nf3 d6 3. d4 cxd4 4. Nxd4 Nf6 5. Nc3 Nc6 6. Be2 e6 7. O-O Be7 8.
Kh1 O-O 9. f4 a6 10. a4 Qc7 11. Be3 Re8 12. Bg1 Nxd4 13. Qxd4 e5 14. Qb6 (14.
Qd3 exf4 15. Rxf4 Be6 16. Raf1 Rac8 17. Bd4 $14) 14... Qxb6 {Der Damenabtausch
ist für Schwarz günstig.} 15. Bxb6 exf4 {Räumt das Feld e5 für den schwarzen
Springer.} 16. Rxf4 Be6 17. Bd3 (17. Rd1 Rac8 $10) 17... Nd7 $1 18. Bd4 Ne5 $1
$10 (18... Bf6 19. Bxf6 (19. Ne2 d5 $10) 19... Nxf6 20. a5 {/\Ra4} Bd7 21. Nd5
$1 $14) 19. Bxe5 (19. Rd1 Nc6 20. Bb6 Bf6 $10) 19... dxe5 20. Rff1 Red8 (20...
Rac8 21. Nd5 Bg5 22. c4 $10) 21. Nd5 Bxd5 22. exd5 Rxd5 23. Bc4 Rd4 24. Bxf7+
Kh8 (24... Kf8 25. Bd5+ Bf6 26. Bxb7 Rb8 27. Bxa6 Rxb2 28. Rf2 e4 $44) 25. c4
a5 $10 {Nach diesem Zug ist die weiße Bauernmehrheit am Königsflügel
neutralisiert. Der Nachziehende hat praktisch einen Bauern mehr (e5), aber die
ungleichfarbigen Läufer bieten Weiß gute Remismöglichkeiten.} (25... a5 26. Bd5
Bf6 27. Bxb7 Rb8 28. Bd5 Rxb2 $10) 1/2-1/2

[Event "EU-Cup 10th Group4"]
[Site "Balatonbereny"]
[Date "1994.??.??"]
[Round "3"]
[White "Rogic, Davor"]
[Black "Horvath, Jozsef"]
[Result "1/2-1/2"]
[WhiteElo "2460"]
[BlackElo "2520"]
[Annotator "Donev,I"]
[PlyCount "89"]
[EventDate "1994.??.??"]
[EventType "team-k.o."]
[EventRounds "3"]
[EventCountry "HUN"]
[SourceTitle "EXT 2020"]
[Source "ChessBase"]
[SourceDate "2019.10.17"]
[SourceVersion "1"]
[SourceVersionDate "2019.10.17"]
[SourceQuality "1"]
[WhiteTeam "Dakovo SK Slavonska Banka"]
[BlackTeam "Budapest Honved"]
[WhiteTeamCountry "CRO"]
[BlackTeamCountry "HUN"]

1. e4 c5 2. Nf3 e6 3. d4 cxd4 4. Nxd4 Nc6 5. Nc3 Qc7 6. Be2 a6 7. O-O Nf6 8.
Be3 Be7 9. f4 d6 10. a4 O-O 11. Kh1 Re8 (11... Bd7 12. Nb3 b6 13. Bf3 Rab8 (
13... Rfe8 14. g4 Red8 15. g5 Ne8 16. Qe2 Nb4 17. Rad1 Rab8 18. f5 Bf8 19. Bg2
b5 20. a5 Qc4 21. Qf2 Nxc2 22. Qxc2 b4 23. g6 $1 fxg6 24. fxg6 bxc3 25. Rxf8+
$1 Kxf8 26. gxh7 {+- Donev,I-Pioretcki,M Wrozlaw 1987}) 14. Qe2 Na5 15. Rad1
Nc4 16. Bc1 b5 (16... Rfc8 $5) 17. axb5 axb5 18. e5 $1 $36 Ne8 19. Rd4 dxe5 20.
fxe5 Nxe5 21. Bf4 f6 22. Rfd1 Bc6 (22... Bc8 $5) 23. Bg4 Qc8 24. Bxe5 fxe5 25.
Qxe5 {+= Donev,I-Semkov,S/BLG tt/1989/}) 12. Bf3 Rb8 (12... Bd7 13. Bg1 (13.
Nb3 Na5 14. e5 $6 (14. Nxa5 Qxa5 15. Qd3 Rad8 16. Rfd1 Bc6 17. b4 Qc7 (17...
Qxb4 $2 18. Rdb1 Qa5 19. Bb6 {+-}) 18. b5 $36) 14... dxe5 15. fxe5 Nc4 $1 16.
exf6 Nxe3 17. Qe2 Nxf1 18. Rxf1 Bxf6 {-+}) 13... Rab8 14. Nb3 b6 15. Qe2 Bc8
16. e5 $1 $36) 13. Qd2 (13. Qe2 Nxd4 14. Bxd4 e5 15. Ba7 $1 Ra8 16. Be3 Be6 17.
Qf2 exf4 18. Bxf4 Nd7 19. Qg3 {=}) (13. Qe1 e5 14. Nb3 Bf5 (14... exf4 15. Bxf4
Be6 16. Qg3 Ne5 17. Nd4 Kh8 18. Rad1 Rbd8 19. Nd5 Bxd5 20. exd5 Ned7 (20...
Nxf3 $142 21. Qxf3 Qc4 {~}) 21. Nf5 Bf8 22. Bxd6 {+/-})) 13... Bd7 (13... Nd7
14. Qf2 Bf8 15. Rae1 Nxd4 16. Bxd4 b5 17. axb5 axb5 $132) (13... Nxd4 14. Bxd4
e5 15. Ba7 Ra8 16. Be3 Bd7 17. a5 Rac8 18. Be2 Bc6 19. Qd3 Qd8 20. Rfd1 exf4
21. Bxf4 Bf8 22. Bf3 Qe7 23. Bxd6 Qxd6 24. Qxd6 Bxd6 25. Rxd6 Nxe4 26. Rxc6
Rxc6 27. Nxe4 Rce6 {=}) 14. Nb3 b6 (14... b5 $6 15. axb5 axb5 16. Be2 b4 17.
Nb5 Rxb5 18. Bxb5 Nxe4 19. Qd3 {+=}) 15. Qf2 Na5 16. Nd2 (16. Rad1) 16... Kh8 (
16... Bc8 17. Rae1 Nd7 18. e5 Bb7 19. Bxb7 Qxb7 20. exd6 Bxd6 21. Nce4 Be7 {=})
17. Be2 b5 18. axb5 axb5 (18... Bxb5 $5) 19. e5 Nd5 20. Nxd5 exd5 21. Nf3 (21.
Qf3 Nc4 $1) 21... Nc6 22. Bd3 b4 (22... dxe5 23. Nxe5 Nxe5 24. fxe5 {+=} Qxe5
$2 25. Bf4 {+-}) 23. exd6 Qxd6 (23... Bxd6 24. Ng5 {+=}) 24. Ne5 Kg8 25. Bc5 $1
Qc7 (25... Qxc5 26. Qxc5 Bxc5 27. Nxd7 Bd4 28. Nxb8 {+-}) 26. Bxe7 Rxe7 27. Qc5
{+=} (27. Nxc6 $5 Bxc6 (27... Qxc6 $2 28. Qh4 {+-}) 28. Qc5 {+=}) 27... Be8 28.
Nxc6 (28. Qxd5 Nxe5 29. fxe5 Qxe5 30. Qxe5 Rxe5 {=}) 28... Bxc6 29. Rfe1 Rxe1+
30. Rxe1 Qb6 31. Qxb6 Rxb6 32. Kg1 Kf8 33. Kf2 (33. Bxh7 $5 g6 34. f5 Bd7 (
34... Be8 35. fxg6 fxg6 36. Bg8 $1 {+-}) (34... Kg7 35. fxg6 fxg6 36. Re7+ {+/-
}) 35. fxg6 fxg6 36. Re5 {+/-}) 33... d4 34. Re5 b3 $1 {=+} 35. Rc5 bxc2 36.
Rxc2 Ke7 37. b4 $1 Kd6 38. Rb2 g6 39. g3 Rb8 40. Bc4 Bd5 41. Bd3 (41. Bxd5 $6
Kxd5 {=+}) 41... Re8 42. Be2 Be4 43. Bc4 Bd5 44. Be2 Be4 45. Bc4 1/2-1/2

[Event "Moscow Alekhine op"]
[Site "Moscow"]
[Date "1992.??.??"]
[Round "?"]
[White "Belikov, Vladimir"]
[Black "Akopian, Vladimir Eduardovic"]
[Result "1-0"]
[WhiteElo "2460"]
[BlackElo "2600"]
[Annotator "Dorfman,J"]
[PlyCount "132"]
[EventDate "1992.10.??"]
[EventType "swiss"]
[EventRounds "9"]
[EventCountry "RUS"]
[SourceTitle "CBM 033"]
[Source "ChessBase"]
[SourceDate "1993.04.01"]
[SourceVersion "1"]
[SourceVersionDate "1993.04.01"]
[SourceQuality "1"]

1. e4 c5 2. Nf3 e6 3. d4 cxd4 4. Nxd4 Nf6 5. Nc3 d6 6. Be2 Be7 7. O-O a6 8. a4
O-O 9. Be3 Nc6 10. f4 Qc7 11. Kh1 Re8 12. Bg1 Rb8 (12... Bd7) 13. Qd3 Nxd4 (
13... e5 $1 14. Nxc6 (14. fxe5 dxe5 15. Nf5 Bxf5 16. Rxf5 Nd4 $10) 14... Qxc6
$10) 14. Bxd4 e5 15. Ba7 Ra8 16. Bg1 exf4 (16... Bd7 17. a5 $14) 17. Rxf4 Be6
18. Raf1 Nd7 (18... Rac8 $5) 19. Nd5 Bxd5 20. Qxd5 Bf6 (20... Ne5 21. Rxf7 Nxf7
22. Rxf7 Qc6 (22... Kh8 23. Bd4 $18) 23. Bc4 $1 (23. Rxe7+ $2 Qxd5 24. Rxe8+
Rxe8 $19) (23. Qe6 Bf6 $1 $19) 23... Qxd5 24. Bxd5 $16) 21. Bc4 $16 Re7 (21...
Ne5 22. Rxf6 $5 gxf6 23. Bb3 $36) 22. Bb3 Rf8 23. c3 Ne5 24. Qd1 $6 (24. Rxf6
$1 gxf6 25. Rxf6 $16) 24... Bg5 25. Rf5 Bh6 $6 (25... h6 26. Bd4 g6 27. R5f2 h5
) 26. Rh5 $1 $16 Ng6 27. Qf3 Re5 28. Rf5 Rxf5 (28... Re7 29. Bd4 Ne5 30. Qh3
$16) 29. exf5 Ne5 30. Qh5 Qc6 31. f6 {/\ 32.Bb3-c2} Qe4 32. Rd1 Qf4 33. fxg7
Bxg7 34. Rxd6 Nf3 35. Bc2 f5 (35... h6 36. Qf5) 36. Rd1 Nxg1 37. Kxg1 Qe3+ 38.
Kh1 Qf2 39. Bd3 $18 Qf4 (39... Qxb2 40. Bxf5 h6 41. Qg6 Qxc3 42. Qh7+ Kf7 43.
Rd7+ $18) 40. Rf1 Qg4 41. Rxf5 Qxh5 42. Rxh5 h6 43. Rd5 Bf6 44. g3 Rd8 45. Bc4
Kg7 46. a5 Bg5 47. Rxd8 Bxd8 48. Bd5 b6 49. axb6 Bxb6 50. Kg2 Kf6 51. Kf3 Ke5
52. Bc6 a5 53. Ke2 Kd6 54. Be8 Kd5 55. Kd3 Bg1 56. h3 Bh2 57. Bf7+ Kc5 58. g4
Bf4 59. Ke4 Bg5 60. b3 Bf6 61. c4 Be7 (61... Kb4 62. Kf5 Be7 63. Kg6 Bc5 (63...
Bf8 64. h4 $18) 64. Kxh6 Kxb3 65. Be8 $18) 62. Be8 Kd6 63. Kf5 Bg5 64. Bf7 Bh4
65. Bd5 Bd8 66. Bf3 Bh4 (66... Bh4 67. Kg6 Bg5 68. h4 $18) 1-0

[Event "EU-ch 2nd"]
[Site "Ohrid"]
[Date "2001.06.04"]
[Round "4"]
[White "Yegiazarian, Arsen"]
[Black "Ermenkov, Evgenij"]
[Result "0-1"]
[WhiteElo "2529"]
[BlackElo "2478"]
[Annotator "Ermenkov,E"]
[PlyCount "72"]
[EventDate "2001.06.01"]
[EventType "swiss"]
[EventRounds "13"]
[EventCountry "YUG"]
[SourceTitle "CBM 084"]
[Source "ChessBase"]
[SourceDate "2001.09.13"]
[SourceVersion "1"]
[SourceVersionDate "2001.09.13"]
[SourceQuality "1"]

1. e4 c5 2. Nf3 d6 3. d4 cxd4 4. Nxd4 Nf6 5. Nc3 a6 6. Be2 e6 7. O-O Be7 8. f4
Qc7 9. Be3 Nc6 10. Kh1 O-O 11. a4 Re8 12. a5 {Here Yegiazarian had obviously
decided to test my knowledge about this move or had prepared something special
after the publication of an article about this in NIC. Earlier in Round 2 of
the same tournament GM Galkin with White against me tried here the most popular
} (12. Bf3 {However after} Bf8 13. Qd2 Nd7 $146 14. Rad1 Rb8 15. Rfe1 Nxd4 16.
Bxd4 b6 {1/2-1/2 Galkin,A-Ermenkov,E/Ohrid 2001/CBM 84_01 (16) (16...b5 was
also worth attention) we agreed to a draw but Black may already be even a
little better...}) 12... Bf8 ({I knew here that the most principled reaction
was} 12... Nxa5 13. e5 dxe5 14. fxe5 Qxe5 {etc. with a very sharp tactical
play. Some six years ago I had a similar position with White against
Vizhmanavin in the Fianchetto System against the Scheveningen. I managed to
fix his Queen side with a5 and Nb3 and I had my Bishop on g2 with a pawn on g3.
It seemed to me then that I had a tremendous advantage. Vizhmanavin however
played with Black coolly Bf8, Nc6-e7-g6, Bd7-Bc6 and later beat me in a
wonderful game. So I decided to avoid any opening surprises and follow
Vizhmanavin's example.}) 13. Nb3 Ne7 14. Bf3 Bd7 15. Bb6 Qb8 16. Qd2 ({I think
here that the critical test for Black's idea should be} 16. e5 Nfd5 17. Nxd5
Nxd5 {but I liked Black after} 18. Bxd5 exd5 19. Qxd5 Bc6) 16... Bc6 17. Rad1
Ng6 {Black's position looks very sound and besides Black is threatening 18...
Nh4.} 18. Nd4 Nd7 $1 19. Nxc6 bxc6 20. Na4 {There is nothing better.} Nxb6 21.
Nxb6 Ra7 {The exchange of the opposite colour Bishops seems to me to be
favourable for Black because of the excellent pawn structure of Black and the
possibility after an eventual d6-d5 to steer the game into a French Defence
type of position.} 22. Bh5 {For me this was a very strange decision. White
probably wanted something like B:g6 and f4-f5, but this was absolutely
harmless.} d5 23. Bxg6 ({Or} 23. f5 Ne5 24. fxe6 Rxe6 {with the powerful
threat 25...Rh6.}) 23... hxg6 24. Qc3 Qd6 25. exd5 exd5 {Now Black has a big
positional advantage - "e" file, excellent pawn structure and a powerful
Bishop against a miserable Knight.} ({But not} 25... cxd5 $2 26. Nc8) 26. Qd2
Qb4 27. Qf2 {White loses material anyway but with the move in the game White
is aiming at a non-existent attack. The rest is: Black is chopping off pieces
and pawns while White is daydreaming.} Bc5 28. Qh4 Qxa5 29. Rd3 Bxb6 30. Rh3 f5
31. Qh7+ Kf7 32. Rg3 Re6 33. h4 Qb5 {- the ice-cold shower.} 34. Rff3 Rae7 35.
h5 gxh5 36. Qxh5+ Kg8 0-1

[Event "Olympiad-34"]
[Site "Istanbul"]
[Date "2000.11.07"]
[Round "10.3"]
[White "Peng, Xiaomin"]
[Black "Dydyshko, Viacheslav"]
[Result "1-0"]
[WhiteElo "2657"]
[BlackElo "2525"]
[Annotator "Ernst,T"]
[PlyCount "35"]
[EventDate "2000.10.28"]
[EventType "team-swiss"]
[EventRounds "14"]
[EventCountry "TUR"]
[SourceTitle "EXT 2001"]
[Source "ChessBase"]
[SourceDate "2000.11.22"]
[SourceVersion "1"]
[SourceVersionDate "2000.11.22"]
[SourceQuality "1"]
[WhiteTeam "China"]
[BlackTeam "Belarus"]
[WhiteTeamCountry "CHN"]
[BlackTeamCountry "BLR"]

1. e4 c5 2. Nf3 d6 3. d4 cxd4 4. Nxd4 Nf6 5. Nc3 a6 6. Be3 Nc6 7. Be2 e6 8. O-O
Be7 9. f4 Qc7 10. Qe1 O-O 11. Qg3 Bd7 12. Kh1 b5 13. e5 dxe5 14. fxe5 Ne8 (
14... Nxe5 15. Rxf6 Bxf6 16. Bf4 Qb6 17. Bxe5 Bxe5 18. Qxe5 $16) 15. Ne4 f5 $4
16. exf6 Qxg3 (16... Bxf6 17. Rxf6) 17. fxe7 Rxf1+ 18. Rxf1 1-0